000 00619cam a2200229 a 4500
001 000003828
003 DO-SdBNP
005 20220921103039.0
007 ta
008 720411s1953 nyu 000 0 eng
040 _aDO-SdBNP
_bspa
_cBNPHU
082 4 _a813.54
_b533c
_222
100 1 _aChidsey, Donald Barr,
_d1902-
_911594
245 1 0 _aCaptain Adam /
_cDonald Barr Chidsey.
260 _aNew York :
_bCrown,
_c1953.
300 _a285 p. ;
_b22 cm.
590 _aInventariado, 2022 / DG
650 4 _aNovela estadounidense
_9262
650 4 _aLiteratura estadounidense
_9263
910 _aDG
942 _2ddc
_cLBS1
999 _c3650
_d3650